[Event "94th Tradewise Hastings Congress"]
[Site "Hastings"]
[Date "2019.01.04"]
[Round "8"]
[White "Chapman, Matt"]
[Black "Rolvag, Mikael"]
[Result "1/2-1/2"]
[WhiteElo "1902"]
[BlackElo "2107"]
[Annotator "NA"]
[PlyCount "57"]
[EventDate "2018.12.28"]
[EventType "swiss"]
[EventCountry "ENG"]
[SourceTitle "playchess.com"]
[Source "ChessBase"]
[SourceQuality "1"]
[TimeControl "40/6000+30:3000+30"]

1. e4 {[%emt 0:00:00]} e6 {[%emt 0:00:00]} 2. d4 {[%emt 0:00:00]} d5 {[%emt 0:00:00]} 3. Nd2 {[%emt 0:00:00]} c5 {[%emt 0:00:00]} 4. exd5 {[%emt 0:00:09]} exd5 {[%emt 0:00:00]} 5. Bb5+ {[%emt 0:01:31]} Nc6 {[%emt 0:01:06]} 6. Ngf3 {[%emt 0:01:20]} Bd6 {[%emt 0:00:15]} 7. dxc5 {[%emt 0:02:34]} Bxc5 {[%emt 0:01:17]} 8. O-O {[%emt 0:00:43]} Nge7 {[%emt 0:00:06]} 9. c3 {[%emt 0:03:02]} O-O {[%emt 0:00:36]} 10. Nb3 {[%emt 0:03:12]} Bd6 {[%emt 0:00:09]} 11. Nbd4 {[%emt 0:00:40]} Bg4 {[%emt 0:03:38]} 12. Be2 {[%emt 0:07:51]} a6 {[%emt 0:12:33]} 13. Be3 {[%emt 0:02:59]} Qc7 {[%emt 0:01:13]} 14. h3 {[%emt 0:02:19]} Bd7 {[%emt 0:06:01]} 15. Qd2 {[%emt 0:01:21]} Rfd8 {[%emt 0:03:03]} 16. Rfd1 {[%emt 0:02:17]} Na5 {[%emt 0:04:26]} 17. b3 {[%emt 0:05:22]} Rac8 {[%emt 0:02:35]} 18. Rac1 {[%emt 0:01:43]} b5 {[%emt 0:04:33]} 19. Bd3 {[%emt 0:06:25]} Ng6 {[%emt 0:01:28]} 20. Ne2 {[%emt 0:10:38]} Be7 {[%emt 0:04:59]} 21. Nf4 {[%emt 0:05:27]} Nxf4 {[%emt 0:03:24]} 22. Bxf4 {[%emt 0:00:12]} Qb6 {[%emt 0:00:02]} 23. Be3 {[%emt 0:03:25]} Qc7 {[%emt 0:00:22]} 24. Bf4 {[%emt 0:00:49]} Qb6 {[%emt 0:00:08]} 25. Be3 {[%emt 0:02:14]} Qc7 {[%emt 0:00:15]} 26. Nd4 {[%emt 0:01:38]} g6 {[%emt 0:03:25]} 27. Bf4 {[%emt 0:02:23]} Qb6 {[%emt 0:00:46]} 28. Be5 {[%emt 0:01:05]} Re8 {[%emt 0:05:47]} 29. Nf3 {[%emt 0:05:53]} 1/2-1/2

[Event "94th Tradewise Hastings Congress"]
[Site "Hastings"]
[Date "2019.01.04"]
[Round "8"]
[White "Graham, Cassie M"]
[Black "Sugden, John N"]
[Result "1/2-1/2"]
[WhiteElo "1889"]
[BlackElo "2072"]
[Annotator "NA"]
[PlyCount "64"]
[EventDate "2018.12.28"]
[EventType "swiss"]
[EventCountry "ENG"]
[SourceTitle "playchess.com"]
[Source "ChessBase"]
[SourceQuality "1"]
[TimeControl "40/6000+30:3000+30"]

1. e4 {[%emt 0:00:00]} c5 {[%emt 0:00:01]} 2. Nc3 {[%emt 0:00:00]} Nc6 {[%emt 0:00:36]} 3. g3 {[%emt 0:00:00]} g6 {[%emt 0:00:56]} 4. Bg2 {[%emt 0:00:01]} Bg7 {[%emt 0:00:11]} 5. d3 {[%emt 0:00:15]} d6 {[%emt 0:00:39]} 6. Be3 {[%emt 0:01:03]} e5 {[%emt 0:08:34]} 7. Nge2 {[%emt 0:00:47]} Nge7 {[%emt 0:02:30]} 8. O-O {[%emt 0:00:18]} O-O {[%emt 0:01:17]} 9. Qd2 {[%emt 0:01:31]} Nd4 {[%emt 0:04:23]} 10. Nd1 {[%emt 0:02:07]} Bg4 {[%emt 0:08:41]} 11. f3 {[%emt 0:01:47]} Be6 {[%emt 0:00:12]} 12. c3 {[%emt 0:02:46]} Nxe2+ {[%emt 0:00:15]} 13. Qxe2 {[%emt 0:00:06]} Qd7 {[%emt 0:03:29]} 14. Nf2 {[%emt 0:03:29]} f5 {[%emt 0:03:20]} 15. Qd2 {[%emt 0:22:28]} Nc6 {[%emt 0:06:02]} 16. Rfd1 {[%emt 0:13:44]} b6 {[%emt 0:02:11]} 17. b3 {[%emt 0:13:39]} Rad8 {[%emt 0:05:38]} 18. Bg5 {[%emt 0:00:36]} Rde8 {[%emt 0:01:17]} 19. Rac1 {[%emt 0:02:13]} d5 {[%emt 0:10:57]} 20. exd5 {[%emt 0:05:54]} Bxd5 {[%emt 0:00:36]} 21. Re1 {[%emt 0:01:08]} Nd8 {[%emt 0:08:18]} 22. Bh6 {[%emt 0:05:41]} Bxh6 {[%emt 0:00:24]} 23. Qxh6 {[%emt 0:00:06]} Nf7 {[%emt 0:00:41]} 24. Qe3 {[%emt 0:01:56]} Bc6 {[%emt 0:02:54]} 25. f4 {[%emt 0:05:44]} Bxg2 {[%emt 0:01:26]} 26. Kxg2 {[%emt 0:00:03]} Qc6+ {[%emt 0:10:22]} 27. Qf3 {[%emt 0:01:09]} Qxf3+ {[%emt 0:03:50]} 28. Kxf3 {[%emt 0:00:05]} Re7 {[%emt 0:04:27]} 29. Re3 {[%emt 0:01:43]} Rfe8 {[%emt 0:01:55]} 30. Rce1 {[%emt 0:00:15]} g5 {[%emt 0:04:59]} 31. fxg5 {[%emt 0:05:32]} Nxg5+ {[%emt 0:00:10]} 32. Kg2 {[%emt 0:00:07]} Kf8 {[%emt 0:01:24]} 1/2-1/2

[Event "94th Tradewise Hastings Congress"]
[Site "Hastings"]
[Date "2019.01.04"]
[Round "8"]
[White "Gu, In Jung"]
[Black "Kjartansson, Gudmundur"]
[Result "0-1"]
[WhiteElo "1794"]
[BlackElo "2415"]
[Annotator "NA"]
[PlyCount "80"]
[EventDate "2018.12.28"]
[EventType "swiss"]
[EventCountry "ENG"]
[SourceTitle "playchess.com"]
[Source "ChessBase"]
[SourceQuality "1"]
[TimeControl "40/6000+30:3000+30"]

1. e4 {[%emt 0:00:37]} c6 {[%emt 0:00:00]} 2. d4 {[%emt 0:00:46]} d5 {[%emt 0:00:00]} 3. Nc3 dxe4 {[%emt 0:00:07]} 4. Nxe4 {[%emt 0:09:06]} Bf5 {[%emt 0:00:09]} 5. Ng3 {[%emt 0:00:09]} Bg6 {[%emt 0:00:02]} 6. Nf3 {[%emt 0:00:15]} Nf6 {[%emt 0:01:37]} 7. Ne5 {[%emt 0:02:34]} Nbd7 8. Nd3 {[%emt 0:12:50]} e6 {[%emt 0:02:35]} 9. Be2 Bd6 {[%emt 0:19:36]} 10. Bf3 {[%emt 0:17:26]} e5 11. dxe5 {[%emt 0:21:30]} Nxe5 {[%emt 0:01:08]} 12. Nxe5 {[%emt 0:02:24]} Bxe5 13. Qe2 {[%emt 0:00:35]} O-O {[%emt 0:02:14]} 14. O-O {[%emt 0:00:21]} Re8 {[%emt 0:03:26]} 15. Qc4 {[%emt 0:01:08]} Qc7 {[%emt 0:03:08]} 16. Rb1 {[%emt 0:02:29]} Rad8 {[%emt 0:05:53]} 17. Be3 {[%emt 0:00:13]} Nd5 18. Bc5 {[%emt 0:10:28]} b6 {[%emt 0:03:10]} 19. Ba3 {[%emt 0:00:20]} b5 {[%emt 0:03:57]} 20. Qb3 {[%emt 0:02:35]} a5 {[%emt 0:02:18]} 21. Bc5 {[%emt 0:01:26]} a4 {[%emt 0:01:19]} 22. Qa3 {[%emt 0:00:10]} Bxc2 {[%emt 0:08:13]} 23. Rbc1 {[%emt 0:00:04]} Bg6 {[%emt 0:01:05]} 24. Rfd1 {[%emt 0:00:32]} Bf4 {[%emt 0:03:20]} 25. Ra1 {[%emt 0:00:05]} Bc2 {[%emt 0:01:26]} 26. Rd4 {[%emt 0:01:17]} Re3 {[%emt 0:20:19]} 27. fxe3 {[%emt 0:00:49]} Bxe3+ {[%emt 0:00:07]} 28. Kh1 {[%emt 0:00:27]} Bxd4 29. Rc1 {[%emt 0:03:03]} b4 {[%emt 0:10:10]} 30. Bxb4 {[%emt 0:00:04]} Qe5 {[%emt 0:04:38]} 31. Rxc2 {[%emt 0:03:10]} Nxb4 {[%emt 0:00:21]} 32. Qxb4 {[%emt 0:00:22]} Qe3 {[%emt 0:00:13]} 33. Ne2 {[%emt 0:09:51]} Bc3 {[%emt 0:00:06]} 34. Rd2 {[%emt 0:00:29]} Bxd2 {[%emt 0:03:08]} 35. Qxa4 {[%emt 0:00:09]} Ba5 {[%emt 0:02:50]} 36. h3 {[%emt 0:01:17]} Bc7 {[%emt 0:00:20]} 37. Qb3 {[%emt 0:06:18]} Qxb3 {[%emt 0:00:28]} 38. axb3 {[%emt 0:00:04]} Rd1+ {[%emt 0:00:04]} 39. Ng1 {[%emt 0:00:05]} Rc1 {[%emt 0:00:08]} 40. g4 {[%emt 0:00:08]} Bb6 {[%emt 0:00:01]} 0-1

[Event "94th Tradewise Hastings Congress"]
[Site "Hastings"]
[Date "2019.01.05"]
[Round "9"]
[White "Hawkins, Jonathan"]
[Black "Lalic, Bogdan"]
[Result "1/2-1/2"]
[WhiteElo "2583"]
[BlackElo "2420"]
[Annotator "ChessBase"]
[PlyCount "59"]
[EventDate "2018.12.28"]
[EventType "swiss"]
[EventCountry "ENG"]
[SourceTitle "playchess.com"]
[Source "ChessBase"]
[SourceQuality "1"]
[TimeControl "40/6000+30:3000+30"]

1. d4 {[%emt 0:00:00]} Nf6 {[%emt 0:06:21]} 2. c4 {[%emt 0:00:00]} g6 {[%emt 0:00:30]} 3. Nc3 {[%emt 0:00:32]} d5 {[%emt 0:00:10]} 4. Nf3 {[%emt 0:00:08]} Bg7 {[%emt 0:00:09]} 5. Qb3 {[%emt 0:01:35]} dxc4 {[%emt 0:00:10]} 6. Qxc4 {[%emt 0:00:04]} Be6 {[%emt 0:00:09]} 7. Qb5+ {[%emt 0:06:04]} Bd7 {[%emt 0:00:11]} 8. Qb3 {[%emt 0:01:33]} c5 {[%emt 0:00:38]} 9. dxc5 {[%emt 0:12:55]} Na6 {[%emt 0:00:16]} 10. Ne5 {[%emt 0:00:58]} O-O {[%emt 0:00:27]} 11. Qa3 {[%emt 0:07:50]} Qc7 {[%emt 0:10:52]} 12. Nxd7 {[%emt 0:05:03]} Qxd7 {[%emt 0:00:14]} 13. e4 {[%emt 0:01:56]} Qc6 {[%emt 0:00:26]} 14. Bxa6 {[%emt 0:01:35]} bxa6 {[%emt 0:00:06]} 15. f3 {[%emt 0:01:58]} Nd7 {[%emt 0:04:44]} 16. Be3 {[%emt 0:13:03]} Ne5 {[%emt 0:00:14]} 17. Kf2 {[%emt 0:03:13]} Rab8 {[%emt 0:08:00]} 18. Nd5 {[%emt 0:09:31]} Kh8 {[%emt 0:03:39]} 19. Nxe7 {[%emt 0:09:52]} Qe6 {[%emt 0:03:11]} 20. Nd5 {[%emt 0:00:06]} Rxb2+ {[%emt 0:05:59]} 21. Kg3 {[%emt 0:00:05]} Nc4 {[%emt 0:01:35]} 22. Qd3 {[%emt 0:01:01]} Nxe3 {[%emt 0:00:07]} 23. Nxe3 {[%emt 0:00:06]} f5 {[%emt 0:00:08]} 24. f4 {[%emt 0:01:31]} fxe4 {[%emt 0:00:18]} 25. Qd6 {[%emt 0:01:00]} Qf7 {[%emt 0:03:01]} 26. Rhf1 {[%emt 0:02:38]} Re2 {[%emt 0:01:35]} 27. Rae1 {[%emt 0:01:33]} Qxa2 {[%emt 0:00:26]} 28. c6 {[%emt 0:01:48]} Rd2 {[%emt 0:00:31]} 29. Qb4 {[%emt 0:02:00]} Rd4 30. Qc5 1/2-1/2

[Event "94th Tradewise Hastings Congress"]
[Site "Hastings"]
[Date "2019.01.05"]
[Round "9"]
[White "Sulskis, Sarunas"]
[Black "Gormally, Daniel W"]
[Result "1/2-1/2"]
[WhiteElo "2525"]
[BlackElo "2478"]
[Annotator "ChessBase"]
[PlyCount "91"]
[EventDate "2018.12.28"]
[EventType "swiss"]
[EventCountry "ENG"]
[SourceTitle "playchess.com"]
[Source "ChessBase"]
[SourceQuality "1"]
[TimeControl "40/6000+30:3000+30"]

1. e4 {[%emt 0:00:00]} e5 {[%emt 0:00:00]} 2. Nf3 {[%emt 0:00:00]} Nf6 {[%emt 0:00:00]} 3. Nxe5 {[%emt 0:00:14]} d6 {[%emt 0:00:01]} 4. Nf3 {[%emt 0:00:12]} Nxe4 {[%emt 0:00:17]} 5. d4 {[%emt 0:00:39]} d5 {[%emt 0:00:29]} 6. Bd3 {[%emt 0:00:09]} Bf5 {[%emt 0:00:48]} 7. O-O {[%emt 0:00:50]} Be7 {[%emt 0:00:15]} 8. Re1 {[%emt 0:23:07]} Nc6 {[%emt 0:00:06]} 9. Bb5 {[%emt 0:05:56]} O-O {[%emt 0:07:26]} 10. Nbd2 {[%emt 0:07:37]} Bd6 {[%emt 0:12:55]} 11. c3 {[%emt 0:12:04]} Nxd2 {[%emt 0:06:21]} 12. Bxd2 {[%emt 0:01:06]} Ne7 {[%emt 0:01:06]} 13. Nh4 {[%emt 0:03:41]} Be4 {[%emt 0:03:27]} 14. f3 {[%emt 0:02:37]} Bg6 {[%emt 0:02:29]} 15. g3 {[%emt 0:02:27]} c6 {[%emt 0:04:10]} 16. Bf1 {[%emt 0:01:35]} Nf5 {[%emt 0:01:56]} 17. Nxg6 {[%emt 0:05:06]} hxg6 {[%emt 0:04:00]} 18. Bh3 {[%emt 0:00:12]} Qc7 {[%emt 0:03:04]} 19. Qe2 {[%emt 0:00:44]} c5 {[%emt 0:01:42]} 20. dxc5 {[%emt 0:02:12]} Qxc5+ {[%emt 0:04:31]} 21. Qf2 {[%emt 0:02:36]} d4 {[%emt 0:04:08]} 22. cxd4 {[%emt 0:05:12]} Qxd4 {[%emt 0:01:30]} 23. Bxf5 {[%emt 0:03:49]} Qxf2+ {[%emt 0:00:13]} 24. Kxf2 {[%emt 0:00:07]} gxf5 {[%emt 0:00:05]} 25. Rad1 {[%emt 0:03:02]} Rfd8 {[%emt 0:06:06]} 26. Be3 {[%emt 0:02:13]} b6 {[%emt 0:04:21]} 27. f4 {[%emt 0:02:25]} Be7 {[%emt 0:03:59]} 28. Kf3 {[%emt 0:03:09]} Bf6 {[%emt 0:00:17]} 29. b3 {[%emt 0:00:41]} Rac8 {[%emt 0:01:24]} 30. h3 {[%emt 0:00:42]} Rxd1 {[%emt 0:04:13]} 31. Rxd1 {[%emt 0:00:19]} Rc2 {[%emt 0:00:18]} 32. Rd2 {[%emt 0:01:46]} Rxd2 {[%emt 0:01:00]} 33. Bxd2 {[%emt 0:00:06]} Kf8 {[%emt 0:00:31]} 34. g4 {[%emt 0:00:25]} fxg4+ {[%emt 0:01:47]} 35. hxg4 {[%emt 0:00:09]} Ke7 {[%emt 0:01:06]} 36. Ke4 {[%emt 0:02:57]} Kd6 {[%emt 0:01:34]} 37. f5 {[%emt 0:01:51]} g5 {[%emt 0:02:14]} 38. Be3 {[%emt 0:09:43]} Kc6 {[%emt 0:01:42]} 39. a4 {[%emt 0:03:01]} a6 {[%emt 0:00:18]} 40. Bf2 {[%emt 0:01:14]} Bb2 {[%emt 0:02:52]} 41. Kd3 {[%emt 0:52:48]} b5 {[%emt 0:52:32]} 42. axb5+ {[%emt 0:00:00]} axb5 {[%emt 0:00:00]} 43. Ke4 {[%emt 0:00:00]} f6 {[%emt 0:00:00]} 44. Be3 {[%emt 0:00:00]} Kd6 {[%emt 0:00:00]} 45. Ba7 {[%emt 0:00:00]} Kc6 {[%emt 0:00:00]} 46. Bg1 {Kd5+ Kd4+} 1/2-1/2

[Event "94th Tradewise Hastings Congress"]
[Site "Hastings"]
[Date "2019.01.05"]
[Round "9"]
[White "Leenhouts, Koen"]
[Black "Royset, Pal"]
[Result "1-0"]
[WhiteElo "2470"]
[BlackElo "2182"]
[Annotator "TA"]
[PlyCount "87"]
[EventDate "2018.12.28"]
[EventType "swiss"]
[EventCountry "ENG"]
[SourceTitle "playchess.com"]
[Source "ChessBase"]
[SourceQuality "1"]

{[%evp 19,87,28,25,10,19,-12,6,6,28,36,55,58,82,89,94,76,84,93,83,89,85,77,104,88,98,97,123,121,133,128,133,119,141,150,161,112,171,165,166,166,159,140,659,633,775,767,737,725,726,681,688,546,552,548,548,541,881,784,1565,1512,1538,1374,29963,29967,29965,29966,29965,29966,29964,29958]} 1. d4 d5 2. c4 e6 3. Nc3 Nf6 4. cxd5 exd5 5. Bg5 c6 6. e3 Bf5 7. Qf3 Bg6 8. Bxf6 Qxf6 9. Qxf6 gxf6 10. Nge2 Nd7 {LiveBook: 17 Games. D35: Queen's Gambit Declined: Exchange Variation} 11. O-O-O Nb6 12. Ng3 Nc8 {The position is equal.} 13. h4 {[#] aiming for h5.} h6 $146 ({Predecessor:} 13... h5 14. Bd3 Bd6 15. Nf5 Bc7 16. Rh3 Bxf5 17. Bxf5 Rg8 {½-½ (42) Jianu,V (2574)-Grachev,B (2675) Yerevan 2014}) 14. Bd3 Bxd3 15. Rxd3 Nd6 {[#]} 16. e4 $1 dxe4 17. Ncxe4 Nxe4 {[#]} 18. Re1 $1 O-O-O 19. Rxe4 ({But not} 19. Nxe4 $6 Rg8 $11) 19... Rg8 20. Rf3 Rd6 21. Kc2 Kd7 22. Ref4 {Hoping for Ne4.} Be7 23. Nf5 Re6 24. g3 ({Don't play} 24. Nxh6 $6 Rxg2 25. Ng4 Re2+ 26. Kb3 a5 $11) 24... Bf8 25. Ne3 Bg7 26. Kd3 Rd8 27. b4 Ke8 (27... b5 $16) 28. a3 Kf8 29. Nf5 h5 30. g4 hxg4 $2 {[%mdl 8192]} (30... Kg8 $16 31. gxh5 Kh7) 31. Rxg4 $18 Bh8 32. Rfg3 {[%csl Gg3][%cal Rg4g8]} Ke8 33. Rg8+ Kd7 34. Rxd8+ Kxd8 {[%mdl 4096] Endgame KRB-KRN} 35. Rg8+ Re8 36. Rxe8+ Kxe8 {KB-KN} 37. h5 {[%cal Bh4h5,Bh5h6][%mdl 32]} Kd7 38. h6 b6 39. a4 Ke6 40. Ke4 a5 41. bxa5 {White mates.} bxa5 42. f3 Kd7 43. d5 cxd5+ 44. Kxd5 {Accuracy: White = 84%, Black = 32%.} 1-0

[Event "94th Tradewise Hastings Congress"]
[Site "Hastings"]
[Date "2019.01.05"]
[Round "9"]
[White "Kjartansson, Gudmundur"]
[Black "Petrov, Martin"]
[Result "1/2-1/2"]
[WhiteElo "2415"]
[BlackElo "2472"]
[Annotator "TA"]
[PlyCount "73"]
[EventDate "2018.12.28"]
[EventType "swiss"]
[EventCountry "ENG"]
[SourceTitle "playchess.com"]
[Source "ChessBase"]
[SourceQuality "1"]

{[%evp 25,73,0,52,17,20,31,22,27,25,26,22,31,29,0,0,-9,-18,-19,-24,-10,56,58,43,18,27,-50,-32,-32,-35,-36,-37,-40,-35,-34,-39,-77,-54,-79,-79,-71,-50,-55,-12,-6,0,0,0,-17,0,0]} 1. d4 Nf6 2. c4 e6 3. Nf3 d5 4. Nc3 c5 5. cxd5 Nxd5 6. e3 Nc6 7. Bd3 cxd4 8. exd4 Be7 9. O-O O-O 10. Re1 Bf6 11. Be4 Nce7 12. h4 Bd7 {D42: Queen's Gambit Declined: Semi-Tarrasch: 5 cxd5 Nxd5 6 e3 Nc6 7 Bd3} 13. Qd3 g6 {LiveBook: 5 Games} (13... h6 $11) 14. Bh6 {Strongly threatening Bxd5.} (14. Bg5 {keeps more tension.} Bc6 15. Ne5 Bxg5 16. hxg5 Nxc3 17. bxc3 Bxe4 18. Rxe4 Rc8 19. f4) 14... Bg7 (14... Re8 15. Bg5 Bc6 16. Rad1 Rc8 17. Ne5 Nf5 18. Bxd5 Bxd5 19. Bxf6 Qxf6 20. Nxd5 exd5 {½-½ (49) Mareco,S (2561)-Mekhitarian,K (2533) Registro 2013}) 15. Bxg7 Kxg7 16. Bxd5 Nxd5 17. Nxd5 exd5 18. h5 $146 ({Predecessor:} 18. Re5 Bg4 19. g3 f6 20. Re3 Bxf3 21. Rxf3 {½-½ (30) Folk,P (2255)-Hajek,J (2180) Czechia 1999}) 18... Bg4 19. hxg6 hxg6 20. Re5 Rh8 $36 {[%mdl 2048] ...Rh6 is the strong threat. Black is pushing.} 21. Ng5 Rh5 22. f4 Qd6 (22... Rc8 $11) 23. Qe3 $14 Rah8 {[#] White must now prevent ...Rh1+.} 24. Kf2 {Hoping for Re7.} Rc8 25. Re7 (25. Re1 $11) 25... Rc2+ $15 26. Kg1 {[#]} Rxg5 $1 {[%mdl 512]} 27. fxg5 {Threatens to win with Rf1.} Re2 28. Qxe2 $1 Bxe2 29. Rxe2 {[%mdl 4096] Endgame KQ-KRR} Qf4 30. Rd1 Qg4 31. Rdd2 Qxg5 32. Rc2 Qf4 33. Rf2 Qxd4 {next ...Qd1+ is good for Black.} 34. Rc7 {The position is equal.} Qd1+ 35. Rf1 Qd4+ 36. Rf2 Qd1+ 37. Rf1 {Accuracy: White = 49%, Black = 61%.} 1/2-1/2

[Event "94th Tradewise Hastings Congress"]
[Site "Hastings"]
[Date "2019.01.05"]
[Round "9"]
[White "Cherniaev, Alexander"]
[Black "Korneev, Oleg"]
[Result "1/2-1/2"]
[WhiteElo "2393"]
[BlackElo "2550"]
[Annotator "ChessBase"]
[PlyCount "25"]
[EventDate "2018.12.28"]
[EventType "swiss"]
[EventCountry "ENG"]
[SourceTitle "playchess.com"]
[Source "ChessBase"]
[SourceQuality "1"]
[TimeControl "40/6000+30:3000+30"]

1. e4 {[%emt 0:02:59]} e5 {[%emt 0:06:13]} 2. Nf3 {[%emt 0:00:56]} Nc6 {[%emt 0:00:11]} 3. Nc3 {[%emt 0:00:13]} Nf6 {[%emt 0:00:08]} 4. Bb5 {[%emt 0:00:12]} Nd4 {[%emt 0:02:23]} 5. Nxd4 {[%emt 0:02:59]} exd4 {[%emt 0:00:02]} 6. e5 {[%emt 0:00:24]} dxc3 {[%emt 0:00:05]} 7. exf6 {[%emt 0:00:07]} Qxf6 {[%emt 0:00:03]} 8. dxc3 {[%emt 0:00:42]} Bc5 {[%emt 0:00:28]} 9. Qe2+ {[%emt 0:00:28]} Qe6 {[%emt 0:00:53]} 10. O-O {[%emt 0:01:20]} Qxe2 {[%emt 0:01:33]} 11. Bxe2 {[%emt 0:00:11]} d6 {[%emt 0:00:45]} 12. Bf4 {[%emt 0:00:19]} O-O {[%emt 0:00:35]} 13. Bd3 {[%emt 0:00:30]} 1/2-1/2

[Event "94th Tradewise Hastings Congress"]
[Site "Hastings"]
[Date "2019.01.05"]
[Round "9"]
[White "Bates, Richard A"]
[Black "Lyell, Mark"]
[Result "1/2-1/2"]
[WhiteElo "2372"]
[BlackElo "2317"]
[Annotator "NA"]
[PlyCount "48"]
[EventDate "2018.12.28"]
[EventType "swiss"]
[EventCountry "ENG"]
[SourceTitle "playchess.com"]
[Source "ChessBase"]
[SourceQuality "1"]
[TimeControl "40/6000+30:3000+30"]

1. Nf3 {[%emt 0:00:00]} f5 {[%emt 0:00:11]} 2. g3 {[%emt 0:00:12]} Nf6 {[%emt 0:00:19]} 3. Bg2 {[%emt 0:00:07]} g6 {[%emt 0:00:14]} 4. d4 {[%emt 0:00:20]} Bg7 {[%emt 0:00:06]} 5. O-O {[%emt 0:00:10]} O-O {[%emt 0:00:08]} 6. c4 {[%emt 0:00:33]} d6 {[%emt 0:00:08]} 7. Nc3 {[%emt 0:00:55]} Qe8 {[%emt 0:00:07]} 8. b3 {[%emt 0:01:53]} Na6 {[%emt 0:00:17]} 9. Ba3 {[%emt 0:01:13]} c6 {[%emt 0:00:22]} 10. Qd3 {[%emt 0:03:44]} Nc7 {[%emt 0:03:55]} 11. e4 {[%emt 0:07:01]} fxe4 {[%emt 0:01:21]} 12. Nxe4 {[%emt 0:00:07]} Bf5 {[%emt 0:00:06]} 13. Nxf6+ {[%emt 0:00:22]} Bxf6 {[%emt 0:00:13]} 14. Qd2 {[%emt 0:13:32]} Qd7 {[%emt 0:02:35]} 15. Rfe1 {[%emt 0:10:36]} Bh3 {[%emt 0:06:38]} 16. Qh6 {[%emt 0:25:38]} Bxg2 {[%emt 0:02:16]} 17. Kxg2 Qf5 {[%emt 0:12:14]} 18. Qh3 {[%emt 0:07:16]} Qc2 {[%emt 0:09:31]} 19. Qg4 {[%emt 0:01:47]} a5 {[%emt 0:13:37]} 20. Re4 {[%emt 0:11:50]} a4 {[%emt 0:05:07]} 21. Ne1 {[%emt 0:01:30]} Qd2 {[%emt 0:01:44]} 22. Nf3 {[%emt 0:03:34]} Qc2 {[%emt 0:02:56]} 23. Ne1 {[%emt 0:00:09]} Qd2 {[%emt 0:05:51]} 24. Nf3 {[%emt 0:00:29]} Qc2 1/2-1/2

[Event "94th Tradewise Hastings Congress"]
[Site "Hastings"]
[Date "2019.01.05"]
[Round "9"]
[White "Djuric, Stefan"]
[Black "Payne, Matthew J"]
[Result "1-0"]
[WhiteElo "2371"]
[BlackElo "2182"]
[Annotator "NA"]
[PlyCount "59"]
[EventDate "2018.12.28"]
[EventType "swiss"]
[EventCountry "ENG"]
[SourceTitle "playchess.com"]
[Source "ChessBase"]
[SourceQuality "1"]
[TimeControl "40/6000+30:3000+30"]

1. e4 {[%emt 0:00:00]} e6 {[%emt 0:00:00]} 2. d4 {[%emt 0:00:00]} d5 {[%emt 0:00:00]} 3. Nc3 {[%emt 0:00:33]} Nc6 {[%emt 0:00:34]} 4. Nf3 {[%emt 0:00:59]} Nf6 {[%emt 0:00:12]} 5. e5 {[%emt 0:22:04]} Ne4 {[%emt 0:00:11]} 6. a3 {[%emt 0:02:56]} f5 {[%emt 0:06:36]} 7. exf6 {[%emt 0:18:05]} Qxf6 {[%emt 0:01:31]} 8. Bd3 {[%emt 0:04:47]} Nxc3 {[%emt 0:04:37]} 9. bxc3 {[%emt 0:00:02]} h6 {[%emt 0:00:18]} 10. O-O {[%emt 0:09:58]} Bd6 {[%emt 0:04:43]} 11. Re1 {[%emt 0:01:02]} O-O {[%emt 0:05:53]} 12. Qe2 {[%emt 0:01:49]} g5 {[%emt 0:02:17]} 13. Ne5 {[%emt 0:11:44]} Bxe5 {[%emt 0:01:31]} 14. dxe5 {[%emt 0:00:05]} Qg7 {[%emt 0:00:03]} 15. h4 {[%emt 0:00:56]} Nd8 {[%emt 0:17:50]} 16. hxg5 {[%emt 0:07:20]} hxg5 {[%emt 0:00:56]} 17. Qh5 {[%emt 0:00:17]} Nf7 {[%emt 0:00:16]} 18. Rb1 {[%emt 0:01:16]} c5 {[%emt 0:01:14]} 19. c4 {[%emt 0:01:19]} dxc4 {[%emt 0:01:33]} 20. Bxc4 {[%emt 0:03:29]} Qh7 {[%emt 0:07:17]} 21. Qe2 {[%emt 0:00:14]} Kg7 {[%emt 0:00:57]} 22. Rb3 {[%emt 0:00:29]} Rh8 {[%emt 0:02:00]} 23. Rh3 {[%emt 0:00:10]} Qg8 {[%emt 0:00:06]} 24. Rxh8 {[%emt 0:05:19]} Kxh8 {[%emt 0:00:49]} 25. Bd3 {[%emt 0:02:18]} Bd7 {[%emt 0:08:51]} 26. Qh5+ {[%emt 0:00:37]} Kg7 {[%emt 0:00:04]} 27. Bxg5 {[%emt 0:01:49]} Nxg5 {[%emt 0:00:14]} 28. Qxg5+ {[%emt 0:00:01]} Kf8 {[%emt 0:00:07]} 29. Qe3 {[%emt 0:00:07]} b6 {[%emt 0:01:28]} 30. Qf3+ {[%emt 0:00:10]} 1-0